Vista normal Vista MARC

Entrada Materia (personas)

Número de registros utilizados en: 1

001 - CONTROL NUMBER

  • control field: 61411

003 - CONTROL NUMBER IDENTIFIER

  • control field: Co-BoUCM

005 - DATE AND TIME OF LATEST TRANSACTION

  • control field: 20140521081058.0

008 - FIXED-LENGTH DATA ELEMENTS

  • fixed length control field: 140521|| aca||aabn | a|a d

040 ## - CATALOGING SOURCE

  • Original cataloging agency: Co-BoUCM
  • Transcribing agency: Co-BoUCM

100 ## - HEADING--PERSONAL NAME

  • Personal name: Bartolomeo, da Brescia,
  • Titles and other words associated with a name: -1258

670 ## - SOURCE DATA FOUND

  • Source citation: Work cat.: (Co-BoUCM)70841: Gratian, active 12th century 41624, [Decretum. Comm. Bartholomaeus Brixiensis et Johannes Smeca. et Sebastian Brant], [1490-1500?]